|
|
|
|
| LEADER |
01434nam a22003255i 4500 |
| 001 |
37153 |
| 003 |
BD-DhAAL |
| 005 |
20211125162911.0 |
| 008 |
180102t2018 nyuad 001 0 eng d |
| 999 |
|
|
|c 42145
|d 42145
|
| 010 |
|
|
|a 2018930025
|
| 020 |
|
|
|a 9783319732831
|
| 040 |
|
|
|a DLC
|b eng
|e rda
|c DLC
|
| 082 |
|
|
|a 320.95492
|2 23
|
| 100 |
1 |
|
|a Chowdhury, Shuvra.
|9 39739
|
| 245 |
1 |
0 |
|a Strengthening local governance in Bangladesh :
|b reforms, participation and accountability /
|c Shuvra Chowdhury and Pranab Kumar Panday
|
| 260 |
|
|
|a Cham, Switzerland :
|b Springer,
|c c2018
|
| 300 |
|
|
|a xvi, 216 pages :
|b illustrations,
|c 24 cm.
|
| 504 |
|
|
|a Includes bibliographical references and index
|
| 526 |
|
|
|a SOL
|
| 541 |
|
|
|a Trim Education
|e 37153, 37154
|
| 650 |
|
|
|a Local government
|z Bangladesh
|y 21st century.
|9 39740
|
| 650 |
|
|
|a Public administration
|9 39741
|
| 650 |
|
|
|a Political participation
|z Bangladesh.
|9 39742
|
| 650 |
|
|
|a Law.
|9 43214
|
| 700 |
|
|
|a Panday, Pranab Kumar
|9 39743
|
| 852 |
|
|
|a Ayesha Abed Library
|c General Stacks
|
| 942 |
|
|
|2 ddc
|c BK
|
| 952 |
|
|
|0 0
|1 0
|2 ddc
|4 0
|6 320_954920000000000_CHO
|7 0
|9 68045
|a BRACUL
|b BRACUL
|c GEN
|d 2020-02-27
|e Trim Education
|g 7895.00
|l 0
|o 320.95492 CHO
|p 3010037153
|r 2020-02-27
|t 1
|v 7895.00
|w 2020-02-27
|y BK
|
| 952 |
|
|
|0 0
|1 0
|2 ddc
|4 0
|6 320_954920000000000_CHO
|7 0
|9 68046
|a BRACUL
|b BRACUL
|c GEN
|d 2020-02-27
|e Trim Education
|g 7895.00
|l 0
|o 320.95492 CHO
|p 3010037154
|r 2020-02-27
|t 2
|v 7895.00
|w 2020-02-27
|y BK
|